2024 Summer Olympics Medal Table - IOC Ranking - Statistics

General Stats
  • This quiz has been taken 249 times
    223 since last reset
  • The average score is 15 of 19
Answer Stats
G S B Medals Country % Correct
40 27 24 91 China
100%
40 44 42 126 United States
100%
14 22 29 65 Great Britain
99%
16 26 22 64 France
98%
20 12 13 45 Japan
98%
12 13 8 33 Germany
93%
18 19 16 53 Australia
92%
12 13 15 40 Italy
92%
13 9 10 32 South Korea
91%
5 4 9 18 Spain
90%
9 7 11 27 Canada
89%
15 7 12 34 Netherlands
87%
4 4 3 11 Sweden
82%
10 7 3 20 New Zealand
79%
4 1 3 8 Norway
77%
6 7 6 19 Hungary
58%
4 0 3 7 Ireland
53%
4 2 5 11 Kenya
52%
8 2 3 13 Uzbekistan
20%
No matching quizzes found
Score Distribution
Percent of People with Each Score
Percentile by Number Answered
Your Score History
You have not taken this quiz since the last reset